De quelle genre son ses personnages - Statistiques

Statistiques générales
  • Ce quiz a été pris 101 fois
  • Le résultat moyen est 7 sur 11
Statistiques - réponses
Question Réponse % Correct
Maya l'abeille Fille
99%
Nemo Garçon
96%
Dory Fille
93%
Tchoupi Garçon
93%
Oui oui Garçon
88%
La panthère rose Garçon
67%
Bambi Garçon
62%
Kyle (le chien de grue dans moi moche et méchant Garçon
55%
Titi Garçon
43%
Stitch Aucun des deux
26%
Pikachu Les deux
8%
Aucun quiz correspondant
Distribution des résultats
% des personnes avec chaque résultat
Percentile par nombre de réponses
Votre historique - résultats
Vous n’avez pas pris ce quiz